| 000 | 01320nac a22002891i 4500 | ||
|---|---|---|---|
| 003 | EG-ScBUE | ||
| 005 | 20230712095934.0 | ||
| 008 | 230712s2004 ii ab f b 001 0 eng d | ||
| 020 | _a812032174X | ||
| 040 |
_aEG-ScBUE _beng _erda _cEG-ScBUE _dEG-ScBUE |
||
| 082 | 0 | 4 |
_a910.285 _bGEO _222 |
| 245 | 0 | 0 |
_aGeographic information systems and environmental modeling / _cKeith C. Clarke, University of California, Santa Barbara, Bradley O. Parks, Cooperative Institute for Research in Environmental Sciences, University of Colorado, Boulder, Michael P. Crane, United States Geological Survey, EROS Data Center, Sioux Falls, editors. |
| 250 | _aEastern economy edition. | ||
| 264 |
_aNew Delhi : _bPrentice Hall of India, _c2004. |
||
| 300 |
_axiv, 306 pages, 16 pages of plates : _billustrations (some color), maps (some color) ; _c24 cm |
||
| 336 |
_2rdacontent _atext _btxt |
||
| 337 |
_2rdamedia _aunmediated _bn |
||
| 338 |
_2rdacarrier _avolume _bnc |
||
| 504 | _aIncludes bibliographical references and index. | ||
| 650 | 7 |
_aGeographic information systems _vCongresses. _2BUEsh |
|
| 650 | 7 |
_aEcology _xSimulation methods _vCongresses. _2BUEsh |
|
| 655 | _vReading book | ||
| 700 | 1 |
_aClarke, Keith C., _d1955- _eeditor. |
|
| 700 | 1 |
_aParks, Bradley O., _eeditor. |
|
| 700 | 1 |
_aCrane, Michael P., _eeditor. |
|
| 942 |
_cBB _2ddc |
||
| 999 |
_c655 _d655 |
||